Les Pokémon les plus utilisés de l'histoire du VGC - Statistiques

Statistiques générales
  • Ce quiz a été pris 269 fois
  • Le résultat moyen est 57 sur 127
Statistiques - réponses
Format Pourcentage d'utilisation Réponse % Correct
2018 18,98 % Méga-Dracaufeu Y
71%
2022 21,71 % Dracaufeu
70%
2012 14,58 % Carchacrok
67%
2014 29,17 % Carchacrok
67%
2017 39,69 % Carchacrok
67%
2010 38,10 % Kyogre
66%
2019 (Sun/Moon/Ultra Series) 27,18 % Kyogre
66%
2022 36,18 % Kyogre
66%
2016 72,37 % Primo-Groudon
66%
2019 (Sun/Moon/Ultra Series) 16,98 % Primo-Groudon
66%
2016 38,82 % Primo-Kyogre
66%
2013 21,28 % Démétéros-T
65%
2015 52,88 % Démétéros-T
65%
2018 59,72 % Démétéros-T
65%
2010 16,67 % Groudon
64%
2019 (Sun/Moon/Ultra Series) 17,28 % Groudon
64%
2022 30,92 % Groudon
64%
2018 40,05 % Félinferno
62%
2019 (Sun/Moon/Ultra Series) 78,86 % Félinferno
62%
2022 83,55 % Félinferno
62%
2010 9,52 % Tyranocif
61%
2012 27,08 % Tyranocif
61%
2013 40,43 % Tyranocif
61%
2014 18,75 % Tyranocif
61%
2020 27,08 % Tyranocif
61%
2010 16,67 % Dialga
60%
2010 30,95 % Palkia
59%
2016 51,97 % Xerneas
59%
2019 (Sun/Moon/Ultra Series) 50,44 % Xerneas
59%
2015 15,38 % Méga-Drattak
56%
2016 46,05 % Méga-Drattak
56%
2014 18,75 % Drattak
55%
2022 58,55 % Zacian
55%
2011 36,11 % Boréas
54%
2011 36,11 % Fulguris
54%
2012 10,42 % Fulguris
54%
2013 25,53 % Fulguris
54%
2015 28,85 % Fulguris
54%
2016 33,55 % Fulguris
54%
2022 31,58 % Fulguris
54%
2018 23,84 % Méga-Métalosse
54%
2010 9,52 % Métalosse
53%
2012 18,75 % Métalosse
53%
2010 14,29 % Giratina
51%
2019 (Sun/Moon/Ultra Series) 23,15 % Lunala
50%
2012 14,58 % Latios
48%
2017 28,79 % Tokopisco
46%
2018 31,02 % Tokopisco
46%
2019 (Sun/Moon/Ultra Series) 21,51 % Tokopisco
46%
2014 27,08 % Exagide
45%
2015 26,92 % Exagide
45%
2012 6,25 % Trioxhydre
45%
2013 19,15 % Trioxhydre
45%
2014 16,67 % Trioxhydre
45%
2012 14,58 % Électhor
44%
2017 25,72 % Ronflex
44%
2018 22,92 % Ronflex
44%
2017 56,56 % Tokorico
44%
2018 35,65 % Tokorico
44%
2019 (Sun/Moon/Ultra Series) 27,08 % Tokorico
44%
2010 23,81 % Blizzaroi
43%
2013 23,40 % Heatran
43%
2015 43,27 % Heatran
43%
2014 22,92 % Flambusard
42%
2016 26,97 % Flambusard
42%
2012 10,42 % Cizayox
41%
2011 19,44 % Gaulet
41%
2013 21,28 % Gaulet
41%
2015 31,73 % Gaulet
41%
2018 18,98 % Gaulet
41%
2019 (Sun/Moon/Ultra Series) 31,54 % Gaulet
41%
2014 18,75 % Motisma-Four
41%
2013 19,15 % Motisma-Lavage
41%
2015 15,38 % Motisma-Lavage
41%
2020 35,42 % Motisma-Lavage
41%
2017 33,73 % Tokopiyon
41%
2018 21,53 % Tokopiyon
41%
2010 9,52 % Cresselia
40%
2012 27,08 % Cresselia
40%
2013 48,94 % Cresselia
40%
2015 19,23 % Cresselia
40%
2016 25,66 % Cresselia
40%
2018 20,14 % Cresselia
40%
2011 8,33 % Lugulabre
40%
2012 6,25 % Lugulabre
40%
2020 22,92 % Lanssorien
39%
2020 58,33 % Togekiss
39%
2014 29,17 % Méga-Mysdibule
38%
2011 19,44 % Terrakium
38%
2015 15,38 % Terrakium
38%
2017 36,12 % Katagami
36%
2019 (Sun/Moon/Ultra Series) 22,57 % Katagami
36%
2022 34,87 % Angoliath
35%
2014 20,83 % Méga-Kangourex
35%
2015 46,15 % Méga-Kangourex
35%
2016 57,89 % Méga-Kangourex
35%
2012 6,25 % Pyrax
35%
2014 14,58 % Azumarill
34%
2020 18,75 % Minotaupe
34%
2011 8,33 % Bétochef
33%
2020 33,33 % Bétochef
33%
2011 8,33 % Crocorible
33%
2011 16,67 % Tranchodon
32%
2017 26,41 % Bamboiselle
31%
2020 22,92 % Farfaduvet
31%
2022 28,95 % Gorythmic
31%
2017 67,46 % Arcanin
30%
2020 37,50 % Arcanin
30%
2011 25,00 % Baggaïd
30%
2013 19,15 % Baggaïd
30%
2015 15,38 % Chapignon
30%
2011 16,67 % Moyade
30%
2016 25,00 % Archéodong
29%
2022 21,71 % Sylveroy, Cavalier d'Effroi
28%
2022 21,05 % Tritosor
28%
2020 16,67 % Duralugon
27%
2015 18,27 % Suicune
27%
2016 43,42 % Queuelorior
25%
2012 6,25 % Tarpaud
25%
2015 24,04 % Nymphali
24%
2010 11,90 % Kapoera
22%
2012 22,92 % Kapoera
22%
2013 19,15 % Kapoera
22%
2011 8,33 % Shaofouine
22%
2017 15,67 % Gigalithe
15%
2017 37,65 % Porygon2
14%
2020 16,67 % Milobellus
11%
Aucun quiz correspondant
Distribution des résultats
% des personnes avec chaque résultat
Percentile par nombre de réponses
Votre historique - résultats
Vous n’avez pas pris ce quiz